| 000 | 00764cam a22002654a 4500 | ||
|---|---|---|---|
| 020 | _a0072319631 (alk. paper) | ||
| 020 | _a0072482559 (CDROM) | ||
| 040 | _cDLC | ||
| 082 | 0 | 0 | _a362 MCG 2002 A019 Or. |
| 100 | 1 | _aRay, Oakley Stern | |
| 245 | 1 | 0 | _aDrugs, society, and human behavior / |
| 250 | _a9th ed | ||
| 260 |
_aBoston : _bMcGraw-Hill, _cc2002 |
||
| 300 |
_axvi, 528 p. : _bcol. ill., maps ; _c24 cm + _e1 computer optical disc (4 3/4 in.) |
||
| 650 | 0 | _aDrugs of abuse | |
| 650 | 0 | _aDrug abuse | |
| 650 | 0 | _aNeuropsychopharmacology | |
| 650 | 2 | _aBehavior | |
| 650 | 2 | _aPharmaceutical Preparations | |
| 650 | 2 | _aPharmacology | |
| 650 | 2 | _aPsychopharmacology | |
| 650 | 2 | _aSubstance-Related Disorders | |
| 700 | 1 | _aKsir, Charles | |
| 942 | _cEK | ||
| 999 |
_c12445 _d12445 |
||